000 00701cam a2200217 a 4500
008
049 _aMAIN
050 0 0 _aHD30.42.A35
_bPOW
245 1 0 _aPower and partnership? :
_bexperiences of NGO capacity-building /
_cedited by Rick James.
260 _aUnited Kingdom :
_bINTRAC,
_c2001.
300 _a152 p. :
_bill. ;
_c21 cm.
504 _aIncludes bibliographical references.
650 0 _aNon-governmental organizations
_xManagement.
700 _aJames, Rick.
830 0 _aINTRAC NGO management & policy series ;
_vno. 12.
907 _a.b10267578
_b27-07-12
_c30-09-09
003
005 20230123124950.0
040 _cNUST
942 _cBOOKS
999 _c133371
_d133371